000 01169nab a22002657a 4500
999 _c5654
_d5654
003 OSt
005 20251226104138.0
008 190429b xxu||||| |||| 00| 0 spa d
040 _cPJ
100 _96617
_aRomozzi, Sofía
245 1 3 _aEl acuerdo parcial como herramienta de simplificación procesal en el sistema acusatorio federal /
_cSofía Romozzi.
260 _cCiudad Autónoma de Buenos Aires :
_aThomson Reuters La Ley,
_b2025.
300 _ap. 128-138
500 _aCita: TR LALEY AR/DOC/1913/2025.
505 _aSumario: I. Introducción.— II. Acuerdo parcial.— III. Juicio parcial.— IV. Antecedentes jurisprudenciales.— V. Conclusiones.
505 _tSi te interesa el texto completo, solicitalo a koha@justierradelfuego.gov.ar
650 0 _9343
_aDERECHO PENAL
650 0 _92581
_aCULPABILIDAD
650 0 _92478
_aCODIGO PENAL
650 0 _92676
_aJUICIO ORAL
650 0 _9179
_aGARANTIAS CONSTITUCIONALES ›
650 0 _93088
_aJUICIO ABREVIADO
773 0 _02658
_93164
_tRevista de derecho penal y criminología. Nº 8 - Septiembre 2025
_dCiudad Autónoma de Buenos Aires : Thomson Reuters La Ley, 2017-
_x00347914
942 _2udc
_cANA